NTV Tarih (Record no. 13724)
[ view plain ]
| 000 -LEADER | |
|---|---|
| fixed length control field | 00623nam a22002297a 4500 |
| 003 - CONTROL NUMBER IDENTIFIER | |
| control field | MIRAKIL |
| 005 - DATE AND TIME OF LATEST TRANSACTION | |
| control field | 20200122103114.0 |
| 008 - FIXED-LENGTH DATA ELEMENTS--GENERAL INFORMATION | |
| fixed length control field | 200122b tu ||||| |||| 00| 0 tur d |
| 022 ## - INTERNATIONAL STANDARD SERIAL NUMBER | |
| International Standard Serial Number | 13087878 |
| 040 ## - CATALOGING SOURCE | |
| Original cataloging agency | TR-AnCHP |
| Transcribing agency | TR-AnCHP |
| 041 ## - LANGUAGE CODE | |
| Language code of text/sound track or separate title | tur |
| 082 ## - DEWEY DECIMAL CLASSIFICATION NUMBER | |
| Classification number | CHP 050 |
| 090 ## - LOCALLY ASSIGNED LC-TYPE CALL NUMBER (OCLC); LOCAL CALL NUMBER (RLIN) | |
| Classification number (OCLC) (R) ; Classification number, CALL (RLIN) (NR) | 050 DER 87 |
| 245 10 - TITLE STATEMENT | |
| Title | NTV Tarih |
| Statement of responsibility, etc. | Doğuş Grubu |
| 260 ## - PUBLICATION, DISTRIBUTION, ETC. | |
| Place of publication, distribution, etc. | İstanbul: |
| Name of publisher, distributor, etc. | Doğuş Grubu İletişim Yayıncılık ve Ticaret A.Ş., |
| Date of publication, distribution, etc. | 2009 |
| 300 ## - PHYSICAL DESCRIPTION | |
| Extent | c. : |
| Other physical details | rnk. res. ; |
| Dimensions | 28 sm. |
| 310 ## - CURRENT PUBLICATION FREQUENCY | |
| Current publication frequency | Aylık |
| 362 ## - DATES OF PUBLICATION AND/OR SEQUENTIAL DESIGNATION | |
| Dates of publication and/or sequential designation | 1. yıl, 1. sayı, (Şubat 2009)- |
| 650 #4 - SUBJECT ADDED ENTRY--TOPICAL TERM | |
| 9 (RLIN) | 1099 |
| Topical term or geographic name entry element | Tarih |
| 740 ## - ADDED ENTRY--UNCONTROLLED RELATED/ANALYTICAL TITLE | |
| Uncontrolled related/analytical title | Tarih Dergisi |
| 942 ## - ADDED ENTRY ELEMENTS (KOHA) | |
| Source of classification or shelving scheme | Dewey Decimal Classification |
| Koha item type | Serials |
| Serial record | 1 |
| Withdrawn status | Lost status | Source of classification or shelving scheme | Damaged status | Not for loan | Home library | Current library | Date acquired | Total Checkouts | Full call number | Barcode | Date last seen | Price effective from | Koha item type |
|---|---|---|---|---|---|---|---|---|---|---|---|---|---|
| Dewey Decimal Classification | CHP Kütüphanesi | CHP Kütüphanesi | 01/22/2020 | CHP 050 DER 187 | 013504 | 01/22/2020 | 01/22/2020 | Serials |
